Fundamentos de Hidrología de Superficie

Bibliographic Details
Main Author: Aparicio Mijares, Francisco J.
Format: Section = Libro
Language:Undetermined
Spanish
Published: México Limusa/Noriega 1992
Subjects:
LEADER 00616nam a2200217Ia 4500
008 241007s9999||||xx |||||||||||||| ||und||
020 |a 968-18-3014-8 
040 |a BIBLIOTECA-RURC/ 551.48 A639 
041 |a spa 
082 |a 551.48 A639 
100 1 |a Aparicio Mijares, Francisco J. 
245 1 0 |a Fundamentos de Hidrología de Superficie 
260 |a México  |b Limusa/Noriega  |c 1992 
300 |a 291 p. :il. 
650 7 |a CUENCAS HIDROLÓGICAS 
650 7 |b  PRECIPITACIÓN 
650 7 |c  NFILTRACIÓN 
650 7 |d  PROBABILIDAD Y ESTADÍSTICAS EN HIDROLOGIA. 
942 |c BK  |2 ddc 
991 |a TEXTO 
999 |c 14418